Brel, Cabrel ou les deux? - Statistiques

Statistiques générales
  • Ce quiz a été pris 232 fois
  • Le résultat moyen est 10 sur 15
Statistiques - réponses
Question Réponse % Correct
A chanté "Je l'aime à mourir" Francis Cabrel
97%
Chante "Ne me quitte pas" Jacques Brel
97%
Parle d'amour Les deux
97%
Est toujours vivant Francis Cabrel
94%
A inspiré l'autre Jacques Brel
85%
Est un chanteur français. Francis Cabrel
74%
A eu un cancer Jacques Brel
71%
A participé à l'Eurovision Aucun des deux
70%
S'est consacré au cinéma Jacques Brel
65%
A été conseiller municipal de sa commune Francis Cabrel
62%
Passionné d'aviation, breveté et ayant acheté des avions Jacques Brel
54%
A chanté dans une langue étrangère Les deux
54%
A refusé la Légion d'Honneur Jacques Brel
45%
Passionné de navigation, breveté et ayant acheté un bateau Jacques Brel
41%
A été renvoyé de son lycée Les deux
31%
Aucun quiz correspondant
Distribution des résultats
% des personnes avec chaque résultat
Percentile par nombre de réponses
Votre historique - résultats
Vous n’avez pas pris ce quiz